|
|
|
|
| LEADER |
00000nam a2200000 i 4500 |
| 001 |
1/63382 |
| 008 |
041020s1998 gre d |
| 020 |
|
|
|a 960-08-0134-7
|
| 035 |
|
|
|l 10074824
|
| 040 |
|
|
|a GR-MY-UA
|b gre
|e aacr
|
| 041 |
0 |
|
|a gre
|
| 082 |
0 |
|
|a 341.23
|
| 245 |
1 |
2 |
|a Ο ΟΗΕ στο κατώφλι της ψυχροπολεμικής εποχής /
|c Θεόδωρος Χριστοδουλίδης, Δημήτρης Μπουραντώνης (επιμέλεια)
|
| 260 |
|
|
|a Αθήνα :
|b Σιδέρης,
|c c1998
|
| 300 |
|
|
|a 487 σ.
|
| 504 |
|
|
|a Περιέχει βιβλιογραφικές αναφορές
|
| 610 |
2 |
0 |
|a United Nations.
|
| 700 |
1 |
|
|a Χριστοδουλίδης, Θεόδωρος.
|4 edt
|
| 700 |
1 |
|
|a Μπουραντώνης, Δημήτρης.
|4 edt
|
| 852 |
|
|
|a INST
|b CHIOS
|e 20080129
|h 341.23 ΟΗΕ
|p 005200027820
|q 005200027820
|t BK
|y 0
|
| 852 |
|
|
|a INST
|b RHODES
|e 20041020
|h 341.23 ΟΗΕ
|p 005400018366
|q 005400018366
|t BK
|y 0
|
| 901 |
|
|
|a BIBL4-2004-3
|
| 901 |
|
|
|a BIBL2-2008-1
|
| 909 |
|
|
|a Ρ
|b 110010
|
| 909 |
|
|
|a Χ
|b 144496
|
| 920 |
|
|
|a ΔΙΕΥΡΥΝΣΗ
|b ΕΠΕΑΕΚ ΙΙ-ΤΜΣ
|y ΡΟΔΟΣ
|z 2004-10
|
| 922 |
|
|
|a 2ΕΛΗ
|b 200801
|c ΕΠΕΑΕΚ2/ΤΝΕΥ
|d ΠΑΤΑΚΗΣ
|
| 970 |
|
|
|a ΚΟΥΛΑΚΙΟΤΗ
|b ΛΙΤΣΑ
|z 2004/10/20
|